| 000 | 00634nam a22002177a 4500 | ||
|---|---|---|---|
| 003 | OSt | ||
| 005 | 20220107122859.0 | ||
| 008 | 201021b xxu||||| |||| 00| 0 eng d | ||
| 020 | _a9781138075757 | ||
| 040 | _cIIITMK | ||
| 082 | _a621.395 SAR/T | ||
| 100 |
_aSarkar, Chandan Kumar _918358 |
||
| 245 |
_aTehnology computer aided design: _bSimulation for VLSI mosfet |
||
| 260 |
_aNew York, _bCRC Press, _c2013. |
||
| 300 | _axv,430p. | ||
| 650 |
_aCOMPUTER SCIENCE _918359 |
||
| 650 |
_aVERY LARGE SCALE INTEGRATION _918360 |
||
| 650 |
_aINTEGRATED CIRCUITS _918361 |
||
| 650 |
_aMETAL OXIDE SEMICONDUCTOR _918362 |
||
| 942 |
_2ddc _cBK |
||
| 999 |
_c6807 _d6807 |
||